|
|
|
|
| LEADER |
00000nam a22000007a 4500 |
| 005 |
20180423105544.0 |
| 007 |
cr|||| |||| |
| 008 |
180423c20179999mx |||| s|||| 0|||b1spa d |
| 035 |
|
|
|a 21460
|
| 040 |
|
|
|a vLex
|
| 090 |
|
|
|c 7809
|d 7809
|
| 245 |
0 |
0 |
|a Artc̕ulos SIEMx̌ico
|h [Recurso electrn̤ico]
|
| 256 |
|
|
|a Servicio en ln̕ea
|
| 300 |
|
|
|a 1 recurso electrn̤ico
|
| 362 |
0 |
|
|a Nm︢. 1 (2017) -
|
| 506 |
|
|
|a Contenido disponible en los productos indicados
|d vLex Global
|d vLex Global (Academic Edition, excluding Law Schools)
|d vLex Global (U.S. Academic Edition, Law Schools)
|d vLex Global (U.S. Academic Edition, excluding Law Schools)
|d vLex Global (Academic Edition, Law Schools)
|
| 650 |
0 |
4 |
|a Jurisprudencia
|z Mx̌ico
|
| 650 |
0 |
4 |
|a Comercio Internacional
|z Mx̌ico
|
| 650 |
0 |
4 |
|a Derecho
|z Mx̌ico
|
| 740 |
0 |
|
|a vLex Revistas (Servicio en ln̕ea)
|
| 856 |
4 |
0 |
|u http://vlex.com/source/revista-de-derecho-publico-de-venezuela-21460
|z Acceso restringido
|
| 942 |
|
|
|c REV
|
| 999 |
0 |
|
|a Jurisprudence
|
| 999 |
0 |
|
|a International trade
|
| 999 |
0 |
|
|a Law
|